Robber exploitation at chup robber plantation company ការធ្វើអាជីវកម្មលើដំណាំកៅស៊ូ នៅក្រុមហ៊ុនចំការកៅស៊ូជុប (Record no. 286)

000 -LEADER
fixed length control field 00572nam a22001577a 4500
003 - CONTROL NUMBER IDENTIFIER
control field OSt
005 - DATE AND TIME OF LATEST TRANSACTION
control field 20150912113447.0
008 - FIXED-LENGTH DATA ELEMENTS--GENERAL INFORMATION
fixed length control field 150912b xxu||||| |||| 00| 0 eng d
040 ## - CATALOGING SOURCE
Transcribing agency RUA
082 ## - DEWEY DECIMAL CLASSIFICATION NUMBER
Classification number AGR CHE 1997 B018 Or.1
100 ## - MAIN ENTRY--PERSONAL NAME
9 (RLIN) 308
Personal name CHEAM CHHEANGLIM
245 ## - TITLE STATEMENT
Title Robber exploitation at chup robber plantation company ការធ្វើអាជីវកម្មលើដំណាំកៅស៊ូ នៅក្រុមហ៊ុនចំការកៅស៊ូជុប
260 ## - PUBLICATION, DISTRIBUTION, ETC. (IMPRINT)
Place of publication, distribution, etc. Phnom Penh
Name of publisher, distributor, etc. RUA
Date of publication, distribution, etc. 1997
300 ## - PHYSICAL DESCRIPTION
Extent 86p.
Other physical details ill.
Dimensions 29cm.
942 ## - ADDED ENTRY ELEMENTS (KOHA)
Source of classification or shelving scheme
Koha item type AGR
Holdings
Price effective from Date last seen Permanent Location Not for loan Date acquired Source of classification or shelving scheme Koha item type Barcode Lost status Damaged status Shelving location Withdrawn status Current Location Full call number
2015-09-122015-09-12Library Block B 2015-09-12 AGRRUA003088  B018 Library Block BAGR CHE 1997 B018 Or.1
2015-09-122015-09-12Library Block B 2015-09-12 AGRrua003192  B018 Library Block BAGR CHE 1997 B018 Or.2
2015-09-122015-09-12Library Block B 2015-09-12 AGRrua003048  B018 Library Block BAGR CHE 1997 B018 Or.3
2015-09-122015-09-12Library Block B 2015-09-12 AGRrua003015  B018 Library Block BAGR CHE 1997 B018 Or.4
2015-09-122015-09-12Library Block B 2015-09-12 AGRrua003472  B018 Library Block BAGR CHE 1997 B018 Or.5
2015-09-122015-09-12Library Block B 2015-09-12 AGRrua003159  B018 Library Block BAGR CHE 1997 B018 Or.6
មជ្ឈមណ្ឌលឯការនៃសាកលវិទ្យាល័យភូមិន្ទកសិកម្មចំការដូង

Powered by Koha